| 000 | 00828nam a2200241 a 4500 | ||
|---|---|---|---|
| 001 | 000018937 | ||
| 005 | 20260409195525.0 | ||
| 008 | 100520s1962 sp 000 0 spa d | ||
| 040 |
_aDO-SdBNP _bspa _cBNPHU |
||
| 041 | 1 | 7 |
_aspa _hfre _2Código de idioma MARC |
| 082 |
_a200.1 _bP278p |
||
| 100 | 1 |
_aPascal, Blas, _d1623-1662 _940752 |
|
| 245 | 1 | 0 |
_aPensamiento : _bsobre la religión y otros asuntos / _cBlas Pascal ; traducción y notas de Eugeino D´Ors ; prólogo de Emiliano M. Aguilera. |
| 260 |
_aBarcelona : _bIberia, _c1962. |
||
| 300 |
_axi, 343, [5] p. ; _c19 cm. |
||
| 490 | 1 | _aObras maestras | |
| 650 | 0 |
_aReligión y ética _940753 |
|
| 650 | 0 |
_aPensamiento _922995 |
|
| 700 | 1 |
_aOrs, Eugenio D´, _etr. _d1882-1954 _940754 |
|
| 830 | 0 |
_aObras maestras _914105 |
|
| 910 | _aCatalogación original | ||
| 049 | _aBNGR | ||
| 999 |
_c18455 _d18455 |
||